000 00934nam a22003017a 4500
003 CHAP
005 20220329135608.0
008 971013s1965 r 00010 d
010 _a39050
011 _a40022
035 _a44147
040 _cCHAP
082 _a589.2
_bE88
100 0 0 _aEsser, Karl
_eed.
_938177
245 _aIncompatibility in fungi
260 _aNew York :
_bSpringer-Verlag,
_c1965
300 _a124 p.
_b: ilus.
590 _aBATCH-UPD
_b10
_c20130110
_lUCH01
_h2014
590 _aBATCH-UPD
_b10
_c20130410
_lUCH01
_h1333
590 _aBATCH-UPD
_b10
_c20130914
_lUCH01
_h1031
590 _aCONVERSION
_b10
_c20130109
_lUCH01
_h1322
650 1 4 _aHongos
_xFisiología y morfología.
_956101
700 0 _aRaper, John R.
_994682
711 0 _aCongreso Internacional de Botánica (10 : 1964 : Edinburg)
_926732
901 _aBK
942 _cLIBRO
949 _a589.2 E88
_bBC
_cLIBRO
_d-101100
_eLIBRO
_h13204
_i44147
_si
999 _c39050
_d39050